000
00322nam a2200133Ia 4500
008
191201s1965 xx 000 0 und d
082
_a
677.13
_b
ATJ
100
_a
ATKINSON, R P
245
0
_a
Jute Fibre to Yarn
260
_a
N.Delhi
_b
chemical Publication
_c
1965
300
_a
212
650
_a
B.Tech(TE)
942
_2
ddc
_c
BK
999
_c
3411
_d
3411